000 01097nam a22003137a 4500
001 8216
003 FISKH
005 20250903100310.0
008 250903b cb ||||| |||| 00| 0 eng d
020 _a9780516273365
040 _aFISKH
_beng
_cFISKH
_dFISKH
050 _aGV865.R6 M37
082 _a 796.357
100 _aMara, Wil
245 _aJackie Robinson /
_cBy Wil Mara
260 _aNew York :
_bChildren's Press ,
_c2002.
300 _a31 pages :
_billustrations ;
_c18 cm .
490 _aRookie Biographies
505 _aK
520 _aBrief text chronicles the life of the Hall of Fame baseball player who, in 1947, became the first African American to play for a major league team.
521 8 _a510
_bLexile estimate
521 8 _aK
_bRaz-Plus
650 _aRobison, Jackie, 1919-1972
_vJuvenile Literature
650 _aBaseball players- United States-Biography
_vJuvenile Literature
650 _aAfrican American baseball players
_vJuvenile Literature
700 _aAnderson, Caroline
_ePhoto Researcher
942 _2ddc
_cBK
_n0
999 _c8216
_d8216